| 000 | 00506nam a2200169 i 4500 | ||
|---|---|---|---|
| 001 | 141465 | ||
| 003 | ES-MaACL | ||
| 007 | t| | ||
| 008 | 070924q1954 sp ||||1| spa d | ||
| 100 | 1 |
_aVillaverde Parrondo, Manuel. _9115188 |
|
| 245 | 1 | 0 |
_aEstudios de derecho civil / _cManuel Villaverde Parrondo. |
| 260 |
_aMadrid : _b[s.n., _c1954?] ( _fGráfs. Uguina) |
||
| 300 |
_a261 p. ; _c25 cm. |
||
| 650 | 1 | 7 |
_aDerecho civil _2embne _911656 |
| 852 |
_aES-MaACL _jE-4022 |
||
| 999 |
_c141465 _d141465 |
||